| 000 | 00392pab a2200145 454500 | ||
|---|---|---|---|
| 008 | 180718b1987 xxu||||| |||| 00| 0 eng d | ||
| 100 | _aBalachander, K.K. | ||
| 245 |
_aWanted _bA new strategy for financing higher education |
||
| 260 | _c1987 | ||
| 300 | _a3-9,9-15 | ||
| 362 | _a20 July,27 July | ||
| 650 | _aColleges and Universities - Finance | ||
| 773 | _aUniversity News | ||
| 909 | _a6003 | ||
| 999 |
_c6003 _d6003 |
||